|
|
|
|
| LEADER |
00000nam a2200000Ii 4500 |
| 001 |
DIGEPUJ0395 |
| 003 |
NyNyDIG |
| 007 |
cr ||||||||||| |
| 008 |
230529s2020 ck ob 000 0 spa d |
| 006 |
m o d |
| 020 |
|
|
|a 9789585177239
|q ePub
|
| 020 |
|
|
|z 9789585177338
|
| 035 |
|
|
|a (OCoLC)1385178753
|
| 040 |
|
|
|a DGITA
|b eng
|e rda
|e pn
|c DGITA
|
| 050 |
1 |
4 |
|a K246 ebook
|
| 245 |
0 |
3 |
|a La justicia en la filosofía contemporánea
|b entre la filosofía política y la filosofía social /
|c editores, Jesús Carrasquilla Ospina, Andrés Sandoval Sarrias.
|
| 264 |
|
1 |
|a Santiago de Cali :
|b Editorial Pontificia Universidad Javeriana,
|c [2020]
|
| 300 |
|
|
|a 1 online resource.
|
| 336 |
|
|
|a text
|b txt
|2 rdacontent
|
| 337 |
|
|
|a computer
|b c
|2 rdamedia
|
| 338 |
|
|
|a online resource
|b cr
|2 rdacarrier
|
| 347 |
|
|
|a text file
|2 rdaft
|
| 347 |
|
|
|b EPUB
|
| 504 |
|
|
|a Includes bibliographical references.
|
| 588 |
0 |
|
|a Online resource; title from ePub title page (Digitalia, viewed May 29, 2023)
|
| 650 |
|
0 |
|a Justice (Philosophy)
|
| 650 |
|
0 |
|a Political science
|x Philosophy.
|
| 700 |
1 |
|
|a Carrasquilla Ospina, Jesús,
|e editor.
|
| 700 |
1 |
|
|a Sandoval Sarrias, Andrés,
|e editor.
|
| 791 |
2 |
|
|a Digitalia (Firm),
|e distributor.
|
| 793 |
0 |
|
|g Digitalia eBook Collection:
|a Pontificia Universidad Javeriana
|
| 776 |
0 |
8 |
|i Print version:
|t Justicia en la filosofía contemporánea.
|d Santiago de Cali : Editorial Pontificia Universidad Javeriana, [2020]
|z 9789585177338
|
| 856 |
4 |
0 |
|3 Digitalia Hispánica
|u https://www.digitaliapublishing.com/a/126779/
|
| 910 |
|
|
|a Premium collection: 2023
|